Statistics for Real Housewives of New Jersey Cast

Click here to take the quiz!

General Stats

  • This quiz has been taken 48 times
  • The average score is 12 of 15

Answer Stats

SeasonsAnswer% Correct
3-Melissa Gorga
100%
6Teresa Aprea
97%
1-Teresa Giudice
97%
1-2Danielle Staub
92%
1-5Caroline Manzo
86%
8-Margaret Josephs
86%
7-Dolores Catania
84%
1-5, 7Jacqueline Laurita
81%
9-Jennifer Aydin
81%
1-2, 6Dina Manzo
78%
9-Jackie Goldschneider
73%
7-8Siggy Flicker
73%
3-5Kathy Wakile
68%
6Nicole Napolitano
65%
6Amber Marchese
59%

Score Distribution

Percentile by Number Answered

Percent of People with Each Score

Your Score History

You have not taken this quiz